Tư tưởng Phan Bội Châu về con người
Sparad:
| Huvudupphovsman: | |
|---|---|
| Materialtyp: | Bok |
| Språk: | Undetermined |
| Publicerad: |
Hà Nội
Chính trị Quốc Gia - Sự thật
2013
|
| Ämnen: | |
| Taggar: |
Lägg till en tagg
Inga taggar, Lägg till första taggen!
|
| Thư viện lưu trữ: | Trung tâm Học liệu Trường Đại học Cần Thơ |
|---|
| LEADER | 00674nam a2200205Ia 4500 | ||
|---|---|---|---|
| 001 | CTU_206997 | ||
| 008 | 210402s9999 xx 000 0 und d | ||
| 020 | |c 78000 | ||
| 082 | |a 895.92210092 | ||
| 082 | |b Ch312 | ||
| 100 | |a Doãn, Chính | ||
| 245 | 0 | |a Tư tưởng Phan Bội Châu về con người | |
| 245 | 0 | |c Doãn Chính, Cao Xuân Long | |
| 260 | |a Hà Nội | ||
| 260 | |b Chính trị Quốc Gia - Sự thật | ||
| 260 | |c 2013 | ||
| 650 | |a Văn học Việt Nam,Vietnamese literature,Vietnamese poetry | ||
| 650 | |x Tiểu sử,Biography | ||
| 904 | |i Tuyến | ||
| 980 | |a Trung tâm Học liệu Trường Đại học Cần Thơ | ||